00941cam a22002654a 450000100090000000300050000900500170001400800410003101000170007202000430008902000400013203500240017203800120019604000280020805000200023608200150025610000200027124500930029126000480038430000350043250400640046765000420053170000190057385600830059215354426NUST20191030113526.0080703s2008 flua bf 001 0 eng  a 2008029766 a9781604270006 (hardcover : alk. paper) a1604270004 (hardcover : alk. paper) a(OCoLC)ocn233798844 aMSOHAIL aDLCcDLCdC#PdBWXdDLC00aTH12b.C66 200800a690.68222 a Eddy M. Rojas.00aConstruction productivity :ba practical guide for building and electrical contractors / aFt. Lauderdale, FL :bJ. Ross Pub.,cc2008. axiii, 329 p. :bill. ;c24 cm. aIncludes bibliographical references (p. 305-308) and index. 0aContractorsvHandbooks, manuals, etc.1 aRojas, Eddy M.413Table of contents onlyuhttp://www.loc.gov/catdir/toc/ecip0822/2008029766.html